000
00316nam a22001337a 4500
003
SGT
020
_a
978934836632
082
_a
371.9046,YAD
100
_a
YADAV, PRIYANKA
245
_a
UNLOCKING INCLUSIVE EDUCATION
260
_a
NEW DELHI
_b
NEELKAMAL PUBLICATIONS PVT. LTD
_c
2025
300
_a
228
942
_2
ddc
_c
BK
999
_c
33228
_d
33228